| 000 | 00724naa a2200229 i 4500 | ||
|---|---|---|---|
| 001 | 34632 | ||
| 003 | ES-MaBCM | ||
| 005 | 20241016103741.0 | ||
| 008 | 950522s1994 ita 000 0 ita d | ||
| 021 | _axx | ||
| 035 | _a(OCoLC)1365153222 | ||
| 040 | _cES-MaBCM | ||
| 041 | 0 | _aita | |
| 043 | _aita | ||
| 100 | 1 |
_aGiglio, Marcello _918677 |
|
| 245 | 1 | 0 |
_aDiritto alla salute ed all'ambiente salubre _cMarcello Giglio |
| 650 | 2 | 7 |
_aDerecho a la salud _958289 |
| 650 | 2 | 7 |
_aProtección del medio ambiente _959954 |
| 651 | 2 | 4 |
_aItalia _9115380 |
| 773 | 0 |
_aEn: _tNuova rassegna di legislazione, dottrina e giurisprudenza _dFirenze : 1994 _w104476 _ganno LXVIII, n. 13-14, luglio, p. 1765-1775. - Loc. S.39 |
|
| 942 | _cAREV | ||
| 999 |
_c34632 _d34632 |
||